| 000 | 00830nam a2200193 i 4500 | ||
|---|---|---|---|
| 001 | 184667 | ||
| 003 | ES-MaACL | ||
| 005 | 20250930063157.0 | ||
| 008 | 151105s1862 sp 000 0 spa d | ||
| 080 | _a347.957(460) | ||
| 100 | 1 |
_aAlvarez Martínez, Cirilo, _d1808-1878 _920872 |
|
| 245 | 1 | 0 |
_aReforma urgente sobre los recursos de casación / _cpor Cirilo Álvarez. |
| 260 |
_aMadrid : _b[s.n.], _c1862 ( _fImp. de la Revista de Legislación, a cargo de Julián Morales) |
||
| 300 |
_a11 p. ; _c21 cm. |
||
| 594 | _aEn port.: Artículo publicado en la Revista general de legislación y jurisprudencia (entrega de marzo de 1862) | ||
| 650 | 4 |
_aCasación civil- _zEspaña. _9149475 |
|
| 852 | 4 |
_aES-MaACL _jT-139-F-5 _z- Enc. en un vol. facticio, falto de cub. original _z- Donat. Gallardo |
|
| 999 |
_c184667 _d184667 |
||